[Event "Benasque 12th"]
[Site "Benasque"]
[Date "2010.07.08"]
[Round "1"]
[White "Garcia Palermo, Carlos H"]
[Black "Marin, Mihail"]
[Result "1/2-1/2"]
[WhiteElo "2450"]
[BlackElo "2597"]
[Annotator "Marin,M"]
[PlyCount "126"]
[EventDate "2010.07.08"]
[EventType "tourn"]
[EventRounds "10"]
[EventCountry "ESP"]
[EventCategory "11"]
[SourceTitle "CBM 137 Extra"]
[Source "ChessBase"]
[SourceDate "2010.09.01"]
[SourceVersion "1"]
[SourceVersionDate "2010.09.01"]
[SourceQuality "1"]

1. d4 Nf6 2. c4 e6 3. Nf3 Bb4+ 4. Bd2 a5 5. g3 d5 6. Qc2 Nc6 7. Bg2 dxc4 8.
Qxc4 Qd5 {When writing my article on this outfashioned line of the Bogo Indian
for CBM 137, I had in mind giving it a try at Benasque. The opportunity came
in the very first round of the tournament and I did not hesitate for an
instant.} 9. Qd3 ({Few weeks later, I faced the main alternative, which I
considered slightly inferior in my article:} 9. Qxd5 exd5 10. O-O Bg4 11. Be3
Ne4 12. h3 Be6 $146 {I had suggested this novelty in the article, as a safe
alternative to the capture on f3.} (12... Bxf3 13. exf3 $5 Nf6 {Burger,K (2420)
-Taimanov,M (2510)/Budapest 1982/MCD/[Marin] (1/2, 50)}) 13. Bf4 {This does
not seem right. White makes a third move with the same bishop, neglecting his
development and inviting Black to complete his.} ({My illustrative line went} 
13. Rc1 f6 $11) 13... O-O-O $1 {[%cal Gh8e8,Gf7f6,Gg7g5] Black has a
harmonious display of pieces.} 14. Na3 {Creating himself some unnecessary
strategic problems.} (14. Rc1 f6 $15 15. h4 h6 16. h5 $2 Bg4 $17) (14. a3 {
may have been best, although I prefer Black after, for instance:} Be7 15. Nc3
g5 16. Be3 f6 $15) 14... Bxa3 15. bxa3 {Delorme,A (2455)-Marin,M (2597)/Bratto
2010/ (1/2, 78)} f6 $1 16. Rfc1 g5 17. Be3 Rhe8 $15) 9... Qe4 10. Qxe4 Nxe4 11.
e3 $5 {A rare move, which until now did not have too much independent value.} (
{The main lines are} 11. a3 Nxd2 12. Nbxd2 Be7) ({and} 11. Bxb4 Nxb4 12. O-O)
11... Nxd2 $146 {This also is my article suggestion.} (11... Bd7 {Meyer,P 
(2305)-Cladouras,P (2315)/Germany 1986/GER-chT/[Marin] (0-1, 51)}) 12. Nfxd2 $5
{In fact, the new idea in this game is connected with this way of capturing.
White will display his knights slightly differently than usual, although by
jumping around they may eventually reach the same squares (possibly reversed,
which makes no practical difference).} (12. Nbxd2 a4 13. a3 Be7 {would
transpose to a favourable form of the first main line mentioned above, in
which White has played e2-e3 sooner than usual.}) 12... a4 13. a3 {This move
is not necessary yet, but White cannot delay it forever.} (13. O-O Bd7 (13...
a3 $2 14. bxa3 Bxa3 15. Nxa3 Rxa3 16. Bxc6+ bxc6 17. Rfc1 $16) 14. Rc1 h5 $5 {
Preventing White from winning kingside space.} 15. Rc4 (15. Nc3 a3 $1) 15...
Bd6 16. Ne4 (16. Nc3 $2 Na5) 16... Ke7 $11) (13. Bxc6+ bxc6 14. O-O c5 $132)
13... Be7 14. Nc3 Bd7 15. Rc1 Na5 16. Nce4 {At this point, my opponent offered
a draw. He usually likes long positional battles, until the resources have
been exhausted, but this time he may not have been at home in the slightly
unusual position arising from the opening. To me, this was like some sort of
justification of investing some time in examining this old line and trying it
in practice. Black is not better, of course, but I felt that I could play on
authomatic pilot for a while.} Bc6 {Black has solved the problem of finding
good squares for all his minor pieces and it can be evaluated that he has
outcome the opening's difficulties.} 17. O-O O-O ({Black could have delayed
his castle with the useful move} 17... Ra6 $5 18. f4 (18. Nc5 $6 Bxc5 19. Rxc5
Bxg2 20. Kxg2 c6 21. f4 Ke7 {would spare Black several tempos.}) 18... Rb6 19.
Rc2 f6 $13 {[%cal Ge8f7]}) 18. f4 Rfd8 (18... Bxe4 19. Nxe4 c6 {is a solid
alternative. Black has little to fear in the position with opposite bishops.})
19. Nc5 Bxc5 20. Rxc5 Bxg2 21. Kxg2 c6 {After the exchanged of most of the
minor pieces, White's space advantage in the centre loses part of its
relevance. Besides, the chronic weakness of the queenside may become dangerous
in case of further simplifications.} 22. g4 (22. f5 {is neutralized by} Rd5)
22... Kf8 $6 {The idea of returning to the centre is correct, but Black should
not have allowed White's spatial gains so easily.} (22... h6 $5) (22... Rd5 23.
Rc2 f6 24. Kg3 (24. f5 e5 $11) 24... h5) 23. g5 $1 (23. f5 {fails to bother
Black.} Ke7 {[%cal Gd8d5]}) 23... Rd5 24. Rc2 Ke7 25. Kf2 $6 {This careless
move allows Black get kingside counterplay.} (25. Rf3 $1 Rh8 26. Rh3 h5 $11)
25... h6 $1 $132 26. Nf3 $1 {Relatively best. Although he will get an
aditional pawn island, White prevents the opening of a kingside file.} (26. h4
hxg5 27. hxg5 Rh8 $15 {/\f6}) (26. gxh6 g6 $15) 26... hxg5 27. fxg5 f6 28. e4
Rb5 29. gxf6+ gxf6 30. Rg1 Kf7 31. Ke3 (31. e5 $5 Rh8 32. Ke3 $11 {White's
space advantage matches Black's better structure.}) 31... Rg8 32. Ne5+ $6 {
Carlos was right thinking that I had not seen this simple tactical blow, but
it was not a real shock since Black has a promissing )and forced) exchange
sacrifice.} (32. Rxg8 Kxg8 33. Kf4 $11) 32... fxe5 33. Rf2+ Ke7 34. Rxg8 Rb3+
35. Ke2 exd4 $44 {Black has a threatening mass of pawns and the white king is
exposed.} 36. Rg3 $2 ({During the game I was more worried about} 36. e5 $1 {
, putting the black king in a delicate situation, too.} Re3+ 37. Kd1 Rxe5 38.
h4 $132) 36... Rxb2+ 37. Kf3 Rb3+ 38. Kf4 Nc4 39. e5 Rxg3 40. hxg3 (40. Kxg3 {
[%cal Gh2h8]} d3 41. Kf3 c5 42. h4 Nxe5+ 43. Ke4 c4 $19) 40... b5 $2 ({I
rejected} 40... d3 $1 {because of} 41. Kf3 {, but failed to notice that after}
c5 $1 {White needs to lose a tempo with his rook.} (41... Nxe5+ 42. Ke4 Kd6 43.
Rf1 c5 44. g4 c4 45. g5 {This position is not easy to evaluate. The dangerous
passed pawn restricts Black's active possibilities.}) 42. Rh2 (42. Rf1 $2 Nd2+)
(42. g4 Nxe5+ 43. Ke4 c4) 42... Nxe5+ 43. Ke4 Kd6 $19) 41. Ke4 c5 42. g4 d3 43.
Kxd3 Nxe5+ 44. Kc3 b4+ 45. axb4 cxb4+ 46. Kc2 (46. Kd4 Nxg4 47. Ra2 $11) 46...
Nxg4 47. Rf4 Ne3+ 48. Kd3 Nd5 {Black has a material advantage, but White's
pieces are active enough to secure a draw.} 49. Rf2 Kd6 50. Kc4 b3 51. Rb2 Kc6
52. Re2 Nb6+ 53. Kb4 Kd5 54. Rd2+ Ke4 55. Rd6 b2 56. Rxe6+ Kd3 57. Re1 Kc2 58.
Re2+ Kc1 59. Re1+ Kc2 60. Re2+ Kb1 61. Ka3 Ka1 62. Rxb2 Nc4+ 63. Kxa4 Nxb2+
1/2-1/2

[Event "World Women-ch k.o."]
[Site "Antakya"]
[Date "2010.12.09"]
[Round "2.4"]
[White "Dzagnidze, Nana"]
[Black "Skripchenko, Almira"]
[Result "0-1"]
[WhiteElo "2551"]
[BlackElo "2460"]
[Annotator "Marin,M"]
[PlyCount "58"]
[EventDate "2010.12.04"]
[EventType "k.o."]
[EventRounds "6"]
[EventCountry "TUR"]
[SourceTitle "CBM 140"]
[Source "ChessBase"]
[SourceDate "2011.01.18"]
[SourceVersion "1"]
[SourceVersionDate "2011.01.18"]
[SourceQuality "1"]

1. d4 d5 2. Nf3 e6 3. g3 Nf6 4. c4 Bb4+ 5. Bd2 Be7 6. Bg2 O-O 7. Qc2 c6 8. O-O
b6 9. Rd1 Ba6 10. Ne5 Nfd7 {This move was indicated by Ponomariov as possibly
the best, without any further illustrative line.} (10... Qc8 {Ponomariov,R 
(2734)-Kramnik,V (2790)/Dortmund 2010/CBM 138/[Ponomariov] (1-0, 36)}) 11. cxd5
cxd5 12. e4 $1 {White has to open the centre immediately, in order to take
advantage of his better coordination.} Nxe5 13. exd5 Be2 14. dxe5 Bxd1 15. Qxd1
exd5 16. Nc3 Nc6 17. Nxd5 Rc8 $146 (17... Nxe5 18. Bc3 Bd6 19. f4 Re8 {A
curious decision. Most of the knight retreats lose at once, but one of them
may be playable.} (19... Nc6 $2 20. Nf6+ gxf6 21. Qg4+ Kh8 22. Qf5 Bc5+ 23. Kh1
Nd4 24. Bxd4 Qxd4 25. Be4 Qxe4+ 26. Qxe4 $18) (19... Nd7 $2 20. Qg4 Bc5+ 21.
Kh1 f6 22. b4 Bd6 23. Qe6+ $18) (19... Nc4 20. Qg4 f6 21. Nxf6+ Rxf6 22. Bxf6
Qxf6 23. Bxa8 $18) (19... Ng6 20. f5 Ne5 21. f6 $40) 20. fxe5 $16 {Yevseev,D 
(2531)-Grachev,B (2668)/Irkutsk 2010/CBM 138 (1-0, 60)}) 18. Bc3 b5 19. b3 Bc5
20. Qh5 (20. Qg4 $5 $40) 20... Ne7 21. Be4 h6 22. Nf6+ Kh8 23. Rd1 Qb6 24. Nd7
$2 (24. Bd2 $1 {[%cal Gd2h6]} Ng8 (24... Bxf2+ 25. Kg2 Be3 26. Bb4 Bc5 27. Nd7
$18) 25. Nd7 Bxf2+ 26. Kg2 Qd4 {This is by far less effective than ...Qe3 from
the game continuation.} 27. Bf5 g6 28. Qe2 $16 {White will retrieve the
sacrificed material, retaining a positional advantage.}) 24... Bxf2+ 25. Kf1
Qe3 $17 {Probably missed by White in her previous calculation.} 26. Nxf8 Qxe4
27. Qxf7 Bb6 28. Qxe7 Qf3+ 29. Ke1 Qf2# 0-1

[Event "Porto Mannu op 9th"]
[Site "Porto Mannu"]
[Date "2017.06.06"]
[Round "4"]
[White "Marin, Mihail"]
[Black "Bischoff, Klaus"]
[Result "1/2-1/2"]
[WhiteElo "2528"]
[BlackElo "2504"]
[Annotator "Marin,M"]
[PlyCount "83"]
[EventDate "2017.06.03"]
[EventType "swiss"]
[EventRounds "9"]
[EventCountry "ITA"]
[SourceTitle "CBM 179"]
[Source "ChessBase"]
[SourceDate "2017.07.12"]
[SourceVersion "1"]
[SourceVersionDate "2017.07.12"]
[SourceQuality "1"]

1. d4 Nf6 2. c4 e6 3. g3 Bb4+ 4. Bd2 Be7 5. Bg2 d5 6. Nf3 Nbd7 ({A few weeks
earlier I faced a similar plan, but without ...Nbd7:} 6... O-O 7. O-O Nbd7 8.
Qc2 Ne4 9. Nc3 {With the rook on f1 it makes no sense retreating with the
bishop to e1.} Nxd2 10. Nxd2 c6 11. Rad1 f5 12. e3 Bd6 13. a3 Qe7 14. f4 b6 15.
Nf3 Bb7 16. Ne5 Kh8 17. b4 $14 {The position is more or less symmetrical but
White is more active and Black's attempt to get counterplay will backfire.} a5
18. b5 cxb5 19. cxd5 b4 20. dxe6 Bxg2 21. Qxg2 Nxe5 {Marin,M-Lupulescu,C Alba
Iulia (rapid) 2017} 22. dxe5 bxc3 23. Rxd6 b5 24. Qd5 $18) 7. Qc2 c6 8. O-O O-O
9. Rd1 Ne4 10. Be1 {With the rook on d1 already I find this move the most
flexible.} (10. Nc3 {would lead to somewhat similar play to that in my game
above with the difference that the rooks' placement will leave the white
kingside slightly weakened.} Nxd2 11. Nxd2 (11. Rxd2 dxc4 $5) 11... f5 12. Rab1
a5 13. e3 Nf6 14. Ne2 Bd7 15. Nf3 Bd6 16. Nf4 Qe7 17. Ne5 Be8 18. cxd5 cxd5 19.
Rdc1 g5 20. Nfd3 Bb5 $11 {Papaioannou,I (2631)-Berkes,F (2640) Baku 2016 (1/
2-1/2, 51)}) (10. Bf4 {allows Black to gain time:} g5 11. Bc1 f5 12. Nc3 Qe8 ({
There was no need for giving up the pawn.} 12... Kh8 $13 {[%cal Gf8g8,Gd8e8,
Ge8h5]}) 13. Nxe4 fxe4 14. Nxg5 {Cheparinov,I (2689)-Aronian,L (2785) Doha 
(blitz) 2016 (1/2-1/2, 59). Black should not have enough compensation for the
pawn, but for a blitz game it eventually worked out well.}) 10... b5 $5 {
A rare continuation.} (10... f5 {is more typical, but with the actual piece
placement (Be1) White can start his queenside play unhindered:} 11. b4 Qe8 12.
a4 Rf6 13. b5 Rh6 14. Nbd2 g5 15. Nf1 (15. h3 $5) 15... g4 16. Ne5 $6 ({
The interesting} 16. Nh4 Bxh4 17. gxh4 {[%cal Gf2f3,Ge1h4] would have slowed
down Black's attack.} Nd6 $6 18. cxd5 cxd5 19. Qc7 $132) 16... Nxe5 17. dxe5
Bd7 $132 {L'Ami,E (2627)-Nisipeanu,L (2679) Wijk aan Zee 2016 (1/2-1/2, 34)})
11. c5 $146 {This is the typical reaction, but it may be not the strongest
under these specific circumstances.} ({A few rounds later Landa employed this
same plan with Black, achieving pleasant play after White's feeble reaction:} 
11. cxb5 cxb5 12. Nc3 Nxc3 13. Bxc3 b4 14. Bd2 Ba6 15. Bf1 Nb6 16. b3 Rc8 17.
Qb2 Qd7 18. Rac1 Qb7 $15 {Heinig,W (2309)-Landa,K (2615) Porto Mannu 2017 (1/
2-1/2, 83)}) ({But I believe that White's reaction in the only previous game
with the same line is better or at least simpler to handle:} 11. Ne5 $1 {
The e4-knight is hanging.} Nxe5 (11... bxc4 12. Nxc6 Qe8 13. f3 Nef6 14. e4 $16
) 12. dxe5 Qb6 (12... Nc5 13. b4 Na4 14. e4 d4 15. c5 a5 16. a3 $16) (12... f5
13. exf6 Nxf6 14. cxb5 cxb5 15. e4 $16) 13. Bxe4 dxe4 14. Qxe4 bxc4 15. Nd2
Qxb2 16. Nxc4 Qb5 {Vokoun,J (2238)-Cifka,S (2370) Prague 2007 (0-1, 36)} 17.
Nd6 $16) 11... a5 (11... f5 12. a4 $14) 12. Nbd2 (12. b4 axb4 (12... a4 13. Ne5
Nxe5 14. dxe5 f5 15. f3 Ng5 16. Nd2 Bd7 $14) 13. Bxb4 Ra4 $11) 12... f5 13. Nb3
{[%cal Gb3c1,Gc1d3] At this high point in the game I felt confident as I had a
clear regrouping plan in my mind. But it is questionable whether White has
more than a very slight advantage (or at all).} g5 (13... Bf6 14. Nc1 g5 15.
Nd3 Qc7 16. Qc1 $1 {Mariya Yugina rightly pointed out when I showed her some
of these lines that I do not mind moving backward with my pieces. But some of
the moves, such as the last one, are good. Others less so.} g4 17. Nfe5 $14
Nxe5 18. Nxe5 Bxe5 19. dxe5 Qxe5 $2 20. f3 Nf6 21. Qg5+ Kf7 22. Bc3 $18) 14.
Nc1 $6 {This moving backward is too passive.} (14. Ne5 $5 Nxe5 15. dxe5 a4 16.
Nd4 Bd7 17. Bb4 g4 18. f3 Ng5 19. Bd2 (19. fxg4 fxg4 20. e4 Qe8 $15) 19... h5 {
Statically White's position is better, but it is hard to prove that he has a
concrete advantage.}) 14... g4 15. Nd2 Bf6 16. e3 ({My initial plan was} 16.
Nd3 Bxd4 17. Nxe4 fxe4 18. Nf4 {but then I realised that I would love Black's
position after} Rxf4 19. gxf4 Qf6 $44) 16... Qe7 17. Ne2 e5 18. Nb3 {I already
lost control about which was my knight and which the queen one. They both used
the same trajectory at different moments.} b4 19. Nbc1 exd4 {This is a small
concession.} ({In the game I started fearing that after} 19... Ba6 20. a3 Rfb8
$15 {I would stand worse... and not without rrason.}) 20. exd4 Ba6 21. a3 b3 $5
{An interesting but not absolutely necessary pawn sacrifice.} (21... Rfb8 $5
22. axb4 axb4 23. h3 $13) 22. Qxb3 Rfb8 23. Qa4 (23. Qc2 Ndxc5 $15 24. dxc5 $2
Rxb2 $19) 23... Bb5 (23... Rxb2 24. Qxc6 $16) 24. Qc2 Nf8 $44 {Black is
perfectly regrouped and the d4-pawn is chronically weak. It is White who needs
to be careful.} 25. Bd2 {This wastes time.} (25. Bc3 Ne6 26. Nd3 {suggested by
Mariya Yugina makes a bit more sense.}) 25... Ne6 26. Be3 a4 27. Nc3 Qg7 28.
Nxb5 Rxb5 29. Ne2 Rb3 30. Rd3 Rab8 31. Rxb3 Rxb3 32. Rd1 Qb7 33. Bc1 Bg5 {
This came as a bit of a shock, but I eventually found a saving continuation.}
34. Nf4 (34. h4 Bxc1 35. Qxc1 Rxb2 36. Qh6 Qf7 37. Nf4 Nxf4 38. Qxf4 Nxf2 39.
Qg5+ $11) 34... Bxf4 35. gxf4 Qb8 36. Rd3 Rxd3 37. Qxd3 Nxf4 38. Bxf4 Qxf4 39.
Bxe4 Qxe4 40. Qa6 Qe1+ 41. Kg2 Qe4+ 42. Kg1 (42. Kg3 $2 h6 $3 43. Qc8+ Kg7 44.
Qc7+ Kg6 45. Qd6+ Kh5 $19) 1/2-1/2

[Event "Olympiad-40"]
[Site "Istanbul"]
[Date "2012.09.03"]
[Round "6.2"]
[White "Vescovi, Giovanni P"]
[Black "Filippov, Anton"]
[Result "0-1"]
[WhiteElo "2617"]
[BlackElo "2617"]
[Annotator "Marin,M"]
[PlyCount "98"]
[EventDate "2012.08.28"]
[EventType "team-swiss"]
[EventRounds "11"]
[EventCountry "TUR"]
[SourceTitle "CBM 151"]
[Source "ChessBase"]
[SourceDate "2012.11.13"]
[SourceVersion "1"]
[SourceVersionDate "2012.11.13"]
[SourceQuality "1"]
[WhiteTeam "Brazil"]
[BlackTeam "Uzbekistan"]
[WhiteTeamCountry "BRA"]
[BlackTeamCountry "UZB"]

1. d4 Nf6 2. c4 e6 3. Nf3 Bb4+ 4. Bd2 a5 5. c5 $146 {A novelty on the 5th move!
} b6 6. cxb6 cxb6 7. Bxb4 axb4 8. Nbd2 d5 {Far from being a weakness (how can
White attack it?) the b4-pawn ensures Black some queenside space advantage and
pressure against the a2-pawn.} 9. e3 O-O 10. Bb5 Qd6 11. Ne5 Nfd7 12. Nxd7 Bxd7
13. Bd3 Nc6 14. O-O Ra7 15. Rc1 {Launching an invitation to concrete play.}
Rxa2 {Accepted!} 16. Bxh7+ Kxh7 17. Rxc6 Qxc6 18. Qb1+ g6 19. Qxa2 Ra8 20. Qb1
Rc8 21. Nf3 Qc2 {White's extra pawn on the kingside is not relevant yet. In
fact, he faces some problems because of the vulnerability of the b2-pawn.} 22.
Qa1 Bb5 23. Re1 Qa4 24. Qb1 Qc2 25. Qa1 Qa4 26. Qb1 Rc2 {The second indirect
invitation (to a draw this time) was declined!} 27. h4 b3 28. h5 {White has to
put his money on the attack; otherwise the b3-pawn would become a queen rather
soon.} gxh5 (28... Kg7 $5 29. hxg6 Qa2 30. gxf7 Qxb2 31. Qd1 Be2 $19) 29. Qd1
Kg7 30. e4 dxe4 31. Ne5 $132 f6 32. Qxh5 Be8 33. Qg4+ Kf8 34. Qf4 (34. Qxe6 $11
) 34... Ke7 35. Rxe4 fxe5 36. dxe5 Qa1+ 37. Kh2 Bc6 38. Qf6+ Kd7 39. Rd4+ Kc8
40. Qxe6+ $2 (40. Qe7 $1 Bd5 $8 41. Qe8+ Kb7 42. Ra4 $8 Qxa4 43. Qxa4 Rxb2 $44)
40... Kb7 $17 41. Qf7+ Ka6 42. Qxb3 Qxb2 43. Ra4+ Bxa4 44. Qxa4+ Kb7 45. Qe4+
Kb8 46. f4 Rc8 47. e6 Qc2 48. Qe5+ Qc7 49. Qd4 Re8 0-1